MANIPAL MANUAL OF SURGERY FOR DENTAL STUDENTS (Record no. 3485)

MARC details
000 -LEADER
fixed length control field 00375nam a2200145Ia 4500
008 - FIXED-LENGTH DATA ELEMENTS--GENERAL INFORMATION
fixed length control field 150201s2006 xx 000 0 und d
082 ## - DEWEY DECIMAL CLASSIFICATION NUMBER
Classification number 617.6
Item number M2006S
100 ## - MAIN ENTRY--PERSONAL NAME
Personal name SHENOY
245 ## - TITLE STATEMENT
Title MANIPAL MANUAL OF SURGERY FOR DENTAL STUDENTS
250 ## - EDITION STATEMENT
Edition statement 1ST
260 ## - PUBLICATION, DISTRIBUTION, ETC. (IMPRINT)
Name of publisher, distributor, etc. C.B.S PUBLISHERS & DISTRIBUTERS
Place of publication, distribution, etc. DELHI
Date of publication, distribution, etc. 2006
300 ## - PHYSICAL DESCRIPTION
Extent 1-326
650 ## - SUBJECT ADDED ENTRY--TOPICAL TERM
Topical term or geographic name as entry element SURGERY
942 ## - ADDED ENTRY ELEMENTS (KOHA)
Source of classification or shelving scheme Dewey Decimal Classification
Koha item type Books
Koha issues (borrowed), all copies 6
Holdings
Withdrawn status Lost status Source of classification or shelving scheme Damaged status Not for loan Home library Current library Date acquired Source of acquisition Cost, normal purchase price Serial Enumeration / chronology SGTU Bill Number Total Checkouts Full call number Barcode Date last seen Date last checked out Bill Date Koha item type
    Dewey Decimal Classification     SGT Dental Library SGT Dental Library 16/02/2006 U.B.S.DELHI 340.00 1 SGTU 988 1 617.6 M2006S FD3892 27/03/2021 13/03/2021 28/07/2012 Books
    Dewey Decimal Classification     SGT Dental Library SGT Dental Library 16/02/2006 U.B.S.DELHI 340.00   SGTU 988 3 617.6 M2006S FD3895 26/08/2019 23/08/2019 28/07/2012 Books
    Dewey Decimal Classification     SGT Dental Library SGT Dental Library 07/02/2007 U.B.S.DELHI 360.00 1 SGTU 1095 8 617.6 M2006S FD4101 12/04/2022 12/04/2022 08/08/2012 Books
    Dewey Decimal Classification     SGT Dental Library SGT Dental Library 07/02/2007 U.B.S.DELHI 360.00 1 SGTU 1095 1 617.6 M2006S FD4102 22/12/2025 06/12/2025 08/08/2012 Books
    Dewey Decimal Classification     SGT Dental Library SGT Dental Library 07/02/2007 U.B.S.DELHI 360.00 1 SGTU 1095 6 617.6 M2006S FD4103 26/07/2022 26/07/2022 08/08/2012 Books
    Dewey Decimal Classification     SGT Dental Library SGT Dental Library 07/02/2007 U.B.S.DELHI 360.00 1 SGTU 1095 6 617.6 M2006S FD4104 28/10/2024 03/02/2020 08/08/2012 Books
    Dewey Decimal Classification     SGT Dental Library SGT Dental Library 07/02/2007 U.B.S.DELHI 360.00 1 SGTU 1095 4 617.6 M2006S FD4105 03/04/2025 24/03/2025 08/08/2012 Books